[Event "23rd ETCC Women 2021"]
[Site "Catez"]
[Date "2021.11.21"]
[Round "9.28"]
[White "Gueci, Tea"]
[Black "Mrvova, Alena"]
[Result "1-0"]
[WhiteElo "2242"]
[BlackElo "2174"]
[Annotator "NA"]
[PlyCount "89"]
[EventDate "2021.11.08"]
[EventType "team-tourn"]
[EventCountry "SLO"]
[SourceTitle "playchess.com"]
[Source "ChessBase"]
[SourceQuality "1"]
[WhiteTeam "Italy"]
[BlackTeam "Slovakia"]
[WhiteTeamCountry "ITA"]
[BlackTeamCountry "SVK"]
[TimeControl "40/5400+30:1800+30"]

1. e4 {[%emt 0:00:03]} c5 {[%emt 0:00:36]} 2. Nf3 {[%emt 0:00:04]} Nc6 {
[%emt 0:00:30]} 3. Bb5 {[%emt 0:00:06]} g6 {[%emt 0:00:40]} 4. c3 {[%emt 0:00:
09]} Nf6 {[%emt 0:00:36]} 5. Qe2 {[%emt 0:00:15]} Bg7 {[%emt 0:01:17]} 6. O-O {
[%emt 0:00:34]} O-O {[%emt 0:00:31]} 7. d4 {[%emt 0:00:24]} cxd4 {[%emt 0:01:
49]} 8. cxd4 {[%emt 0:00:08]} d5 {[%emt 0:01:44]} 9. e5 {[%emt 0:00:06]} Ne4 {
[%emt 0:00:32]} 10. Be3 {[%emt 0:00:20]} h6 {[%emt 0:03:13]} 11. Nbd2 {[%emt 0:
03:57]} Nxd2 {[%emt 0:00:54]} 12. Qxd2 {[%emt 0:00:53]} Kh7 {[%emt 0:00:51]}
13. Rac1 {[%emt 0:06:03]} Bd7 {[%emt 0:00:23]} 14. Rc5 {[%emt 0:11:20]} a6 {
[%emt 0:00:44]} 15. Bd3 {[%emt 0:05:08]} Bg4 {[%emt 0:02:57]} 16. Ne1 {[%emt 0:
09:08]} Qd7 {[%emt 0:07:10]} 17. f4 {[%emt 0:03:17]} Rfd8 {[%emt 0:06:48]} 18.
f5 {[%emt 0:08:52]} Bxf5 {[%emt 0:02:05]} 19. Bxf5 {[%emt 0:00:06]} gxf5 {
[%emt 0:00:03]} 20. Rf3 {[%emt 0:00:57]} Rh8 {[%emt 0:00:16]} 21. Nd3 {[%emt 0:
03:43]} f6 {[%emt 0:04:45]} 22. Rh3 {[%emt 0:12:27]} fxe5 {[%emt 0:13:57]} 23.
Bxh6 {[%emt 0:10:36]} f4 {[%emt 0:05:43]} 24. Bxf4+ {[%emt 0:06:06]} Qxh3 {
[%emt 0:00:10]} 25. gxh3 {[%emt 0:00:40]} exf4 {[%emt 0:00:14]} 26. Rxd5 {
[%emt 0:03:33]} Bxd4+ {[%emt 0:00:09]} 27. Kf1 {[%emt 0:00:34]} Kg8 {[%emt 0:
12:20]} 28. Qg2+ {[%emt 0:06:59]} Kf8 {[%emt 0:08:11]} 29. Nxf4 {[%emt 0:00:40]
} Rg8 {[%emt 0:00:10]} 30. Ne6+ {[%emt 0:01:55]} Kf7 {[%emt 0:00:08]} 31. Ng5+
{[%emt 0:00:46]} Ke8 {[%emt 0:00:29]} 32. Qg4 {[%emt 0:01:00]} Rf8+ {[%emt 0:
05:13]} 33. Ke1 {[%emt 0:00:10]} Rh8 {[%emt 0:01:05]} 34. Qd7+ {[%emt 0:00:56]}
Kf8 {[%emt 0:00:04]} 35. Ne6+ {[%emt 0:00:38]} Kf7 {[%emt 0:00:10]} 36. Nxd4 {
[%emt 0:00:11]} Nxd4 {[%emt 0:00:25]} 37. Rxd4 {[%emt 0:00:05]} Rh6 {[%emt 0:
00:08]} 38. Qf5+ {[%emt 0:00:50]} Ke8 {[%emt 0:01:15]} 39. Rg4 {[%emt 0:00:42]}
Rh8 {[%emt 0:00:10]} 40. Qg6+ {[%emt 0:00:33]} Kd7 {[%emt 0:00:46]} 41. Rd4+ {
[%emt 0:30:07]} Kc7 {[%emt 0:30:17]} 42. Qg3+ {[%emt 0:01:22]} Kb6 {[%emt 0:02:
31]} 43. Rd7 {[%emt 0:01:54]} Rac8 {[%emt 0:01:51]} 44. Qb3+ {[%emt 0:00:20]}
Kc5 {[%emt 0:00:18]} 45. Qd5+ {[%emt 0:00:31]} 1-0

[Event "23rd ETCC Women 2021"]
[Site "Catez"]
[Date "2021.11.21"]
[Round "9.29"]
[White "Danielian, Elina"]
[Black "Pilsova, Karolina"]
[Result "1-0"]
[WhiteElo "2450"]
[BlackElo "2281"]
[Annotator "ChessBase"]
[PlyCount "129"]
[EventDate "2021.11.08"]
[EventType "team-tourn"]
[EventCountry "SLO"]
[SourceTitle "playchess.com"]
[Source "ChessBase"]
[SourceQuality "1"]
[WhiteTeam "Armenia"]
[BlackTeam "Czech Republic"]
[WhiteTeamCountry "ARM"]
[BlackTeamCountry "CZE"]
[TimeControl "40/5400+30:1800+30"]

1. Nf3 {[%emt 0:00:03]} d5 {[%emt 0:00:06]} 2. g3 {[%emt 0:00:05]} Nf6 {
[%emt 0:00:07]} 3. Bg2 {[%emt 0:00:06]} c6 {[%emt 0:00:09]} 4. c4 {[%emt 0:00:
10]} Bg4 {[%emt 0:02:02]} 5. Ne5 {[%emt 0:00:50]} Be6 {[%emt 0:01:38]} 6. cxd5
{[%emt 0:00:07]} Bxd5 {[%emt 0:00:05]} 7. Nf3 {[%emt 0:00:04]} c5 {[%emt 0:00:
26]} 8. Nc3 {[%emt 0:00:14]} Bc6 {[%emt 0:00:06]} 9. O-O {[%emt 0:00:12]} e6 {
[%emt 0:01:10]} 10. d3 {[%emt 0:00:15]} Be7 {[%emt 0:04:28]} 11. e4 {[%emt 0:
00:33]} O-O {[%emt 0:01:19]} 12. Qe2 {[%emt 0:00:22]} b5 {[%emt 0:04:36]} 13.
Rd1 {[%emt 0:21:32]} b4 {[%emt 0:11:46]} 14. Nb1 {[%emt 0:00:05]} Bb7 {[%emt 0:
00:27]} 15. Nbd2 {[%emt 0:03:25]} Nc6 {[%emt 0:01:09]} 16. Nb3 {[%emt 0:05:21]}
Qb6 {[%emt 0:12:42]} 17. Be3 {[%emt 0:03:45]} Rac8 {[%emt 0:14:18]} 18. Rac1 {
[%emt 0:01:56]} Na5 {[%emt 0:01:35]} 19. Nfd2 {[%emt 0:06:49]} Rfd8 {[%emt 0:
04:56]} 20. Nxa5 {[%emt 0:18:42]} Qxa5 {[%emt 0:00:06]} 21. Nc4 {[%emt 0:01:29]
} Qb5 {[%emt 0:01:23]} 22. a3 {[%emt 0:01:07]} a5 {[%emt 0:04:26]} 23. a4 {
[%emt 0:01:54]} Qa6 {[%emt 0:00:55]} 24. h4 {[%emt 0:00:21]} Nd7 {[%emt 0:01:
09]} 25. h5 {[%emt 0:03:58]} h6 {[%emt 0:03:19]} 26. b3 {[%emt 0:02:52]} Bf6 {
[%emt 0:09:55]} 27. Qg4 {[%emt 0:00:23]} Kh8 {[%emt 0:04:17]} 28. Bf4 {[%emt 0:
01:37]} e5 {[%emt 0:01:47]} 29. Be3 {[%emt 0:00:04]} Nf8 {[%emt 0:01:20]} 30.
Bh3 {[%emt 0:14:31]} Rc7 {[%emt 0:01:33]} 31. Qf3 {[%emt 0:02:26]} Re8 {
[%emt 0:02:51]} 32. Rc2 {[%emt 0:06:48]} Kg8 {[%emt 0:01:33]} 33. Rdc1 {
[%emt 0:00:35]} Bc8 {[%emt 0:00:58]} 34. Bxc8 {[%emt 0:00:29]} Rexc8 {[%emt 0:
00:04]} 35. Qg4 {[%emt 0:01:34]} Kh8 {[%emt 0:01:09]} 36. f4 {[%emt 0:02:10]}
Nd7 {[%emt 0:05:31]} 37. Qf5 {[%emt 0:00:05]} Re8 {[%emt 0:01:31]} 38. Rf1 {
[%emt 0:00:04]} Re6 {[%emt 0:01:32]} 39. Kh2 {[%emt 0:01:24]} Kg8 {[%emt 0:00:
50]} 40. Rg2 {[%emt 0:00:07]} Kf8 {[%emt 0:00:35]} 41. g4 {[%emt 0:31:06]} Nb6
{[%emt 0:10:05]} 42. Nxe5 {[%emt 0:00:00]} Ke8 {[%emt 0:11:51]} 43. Nc4 {
[%emt 0:00:00]} Nxc4 {[%emt 0:00:38]} 44. dxc4 {[%emt 0:00:00]} Bd4 {[%emt 0:
00:22]} 45. Bxd4 {[%emt 0:00:00]} cxd4 {[%emt 0:00:03]} 46. e5 {[%emt 0:00:00]}
Kf8 {[%emt 0:03:07]} 47. Qe4 {[%emt 0:00:00]} Rd7 {[%emt 0:00:50]} 48. Rd2 {
[%emt 0:00:00]} Qb6 {[%emt 0:00:12]} 49. Rfd1 {[%emt 0:00:00]} d3 {[%emt 0:00:
55]} 50. Kg3 {[%emt 0:01:58]} f6 {[%emt 0:00:33]} 51. Rxd3 {[%emt 0:00:38]}
Rxd3+ {[%emt 0:00:10]} 52. Qxd3 {[%emt 0:00:04]} fxe5 {[%emt 0:00:14]} 53. f5 {
[%emt 0:02:24]} Re8 {[%emt 0:01:05]} 54. Qd6+ {[%emt 0:00:14]} Qxd6 {[%emt 0:
00:06]} 55. Rxd6 {[%emt 0:00:02]} e4 {[%emt 0:00:55]} 56. Rd2 {[%emt 0:00:13]}
Kf7 {[%emt 0:00:54]} 57. Kf4 {[%emt 0:00:20]} Kf6 {[%emt 0:00:43]} 58. Rd6+ {
[%emt 0:00:36]} Kf7 {[%emt 0:00:01]} 59. Ke3 {[%emt 0:00:09]} Re7 {[%emt 0:00:
41]} 60. Rd5 {[%emt 0:00:07]} Ra7 {[%emt 0:01:18]} 61. Kxe4 {[%emt 0:00:25]}
Re7+ {[%emt 0:00:09]} 62. Re5 {[%emt 0:00:07]} Ra7 {[%emt 0:00:06]} 63. c5 {
[%emt 0:00:34]} Rc7 {[%emt 0:00:50]} 64. Kd5 {[%emt 0:00:40]} Rd7+ {[%emt 0:00:
14]} 65. Kc4 {[%emt 0:00:05]} 1-0

[Event "23rd ETCC Women 2021"]
[Site "Catez"]
[Date "2021.11.21"]
[Round "9.30"]
[White "Petrova, Kristyna"]
[Black "Mkrtchian, Lilit"]
[Result "0-1"]
[WhiteElo "2275"]
[BlackElo "2379"]
[Annotator "NA"]
[PlyCount "70"]
[EventDate "2021.11.08"]
[EventType "team-tourn"]
[EventCountry "SLO"]
[SourceTitle "playchess.com"]
[Source "ChessBase"]
[SourceQuality "1"]
[WhiteTeam "Czech Republic"]
[BlackTeam "Armenia"]
[WhiteTeamCountry "CZE"]
[BlackTeamCountry "ARM"]
[TimeControl "40/5400+30:1800+30"]

1. d4 {[%emt 0:00:04]} Nf6 {[%emt 0:00:42]} 2. c4 {[%emt 0:00:08]} e6 {[%emt 0:
00:15]} 3. Nc3 {[%emt 0:00:09]} Bb4 {[%emt 0:00:07]} 4. e3 {[%emt 0:00:12]} O-O
{[%emt 0:00:17]} 5. Nge2 {[%emt 0:00:14]} Re8 {[%emt 0:00:32]} 6. a3 {[%emt 0:
00:30]} Bf8 {[%emt 0:00:10]} 7. d5 {[%emt 0:00:41]} a5 {[%emt 0:00:27]} 8. g3 {
[%emt 0:00:39]} Na6 {[%emt 0:03:11]} 9. Bg2 {[%emt 0:02:09]} Nc5 {[%emt 0:00:
15]} 10. b3 {[%emt 0:08:46]} exd5 {[%emt 0:03:50]} 11. cxd5 {[%emt 0:01:21]} b6
{[%emt 0:00:35]} 12. O-O {[%emt 0:02:04]} Ba6 {[%emt 0:00:24]} 13. Ra2 {
[%emt 0:11:01]} Nd3 {[%emt 0:07:50]} 14. Bd2 {[%emt 0:06:05]} Rc8 {[%emt 0:02:
11]} 15. Nd4 {[%emt 0:07:31]} Bc5 {[%emt 0:05:18]} 16. Qb1 {[%emt 0:08:56]} Ne5
{[%emt 0:16:18]} 17. Rd1 {[%emt 0:04:46]} Bd3 {[%emt 0:04:15]} 18. Qa1 {
[%emt 0:02:26]} h5 {[%emt 0:03:18]} 19. Nf3 {[%emt 0:05:03]} Nxf3+ {[%emt 0:06:
50]} 20. Bxf3 {[%emt 0:00:06]} h4 {[%emt 0:00:12]} 21. Na4 {[%emt 0:05:10]} Be4
{[%emt 0:06:56]} 22. Bxe4 {[%emt 0:00:46]} Nxe4 {[%emt 0:00:05]} 23. Nxc5 {
[%emt 0:00:02]} Nxc5 {[%emt 0:07:59]} 24. b4 {[%emt 0:00:17]} axb4 {[%emt 0:00:
24]} 25. axb4 {[%emt 0:00:17]} Ne4 {[%emt 0:00:15]} 26. Be1 {[%emt 0:00:24]}
Qg5 {[%emt 0:00:40]} 27. Qb2 {[%emt 0:03:49]} hxg3 {[%emt 0:14:32]} 28. hxg3 {
[%emt 0:00:05]} f5 {[%emt 0:01:03]} 29. Kg2 {[%emt 0:10:05]} Kf7 {[%emt 0:03:
44]} 30. d6 {[%emt 0:05:17]} Rh8 {[%emt 0:07:35]} 31. dxc7 {[%emt 0:06:42]} Qh5
{[%emt 0:00:14]} 32. Rxd7+ {[%emt 0:00:57]} Ke6 {[%emt 0:00:21]} 33. Re7+ {
[%emt 0:01:45]} Kxe7 {[%emt 0:00:07]} 34. Qxg7+ {[%emt 0:00:03]} Ke6 {[%emt 0:
00:31]} 35. Kf1 {[%emt 0:00:12]} Qf3 {[%emt 0:00:42]} 0-1

[Event "23rd ETCC Women 2021"]
[Site "Catez"]
[Date "2021.11.21"]
[Round "9.31"]
[White "Gaboyan, Susanna"]
[Black "Miturova, Magdalena"]
[Result "1-0"]
[WhiteElo "2253"]
[BlackElo "2248"]
[Annotator "NA"]
[PlyCount "65"]
[EventDate "2021.11.08"]
[EventType "team-tourn"]
[EventCountry "SLO"]
[SourceTitle "playchess.com"]
[Source "ChessBase"]
[SourceQuality "1"]
[WhiteTeam "Armenia"]
[BlackTeam "Czech Republic"]
[WhiteTeamCountry "ARM"]
[BlackTeamCountry "CZE"]
[TimeControl "40/5400+30:1800+30"]

1. d4 {[%emt 0:00:04]} Nf6 {[%emt 0:00:07]} 2. g3 {[%emt 0:00:09]} e6 {[%emt 0:
00:34]} 3. Bg2 {[%emt 0:00:07]} d5 {[%emt 0:00:22]} 4. Nf3 {[%emt 0:00:18]} Be7
{[%emt 0:00:51]} 5. O-O {[%emt 0:00:10]} O-O {[%emt 0:00:20]} 6. c4 {[%emt 0:
00:11]} dxc4 {[%emt 0:00:13]} 7. Qc2 {[%emt 0:00:52]} b6 {[%emt 0:01:06]} 8.
Ne5 {[%emt 0:08:37]} Qxd4 {[%emt 0:03:15]} 9. Bxa8 {[%emt 0:03:45]} Qxe5 {
[%emt 0:00:07]} 10. Bf4 {[%emt 0:03:21]} Qh5 {[%emt 0:03:22]} 11. Bf3 {[%emt 0:
05:37]} Ng4 {[%emt 0:01:58]} 12. Bxg4 {[%emt 0:03:51]} Qxg4 {[%emt 0:00:03]}
13. f3 {[%emt 0:05:08]} Qh3 {[%emt 0:11:54]} 14. Nd2 {[%emt 0:05:06]} Bc5+ {
[%emt 0:08:04]} 15. Kh1 {[%emt 0:00:19]} e5 {[%emt 0:13:24]} 16. Bxe5 {[%emt 0:
15:35]} Re8 {[%emt 0:01:31]} 17. Nxc4 {[%emt 0:00:20]} Nc6 {[%emt 0:12:44]} 18.
Rfd1 {[%emt 0:21:28]} Re6 {[%emt 0:15:21]} 19. e4 {[%emt 0:11:42]} Ba6 {
[%emt 0:01:18]} 20. b4 {[%emt 0:04:10]} Bxb4 {[%emt 0:03:32]} 21. Bxc7 {
[%emt 0:01:45]} Qh5 {[%emt 0:05:29]} 22. Kg2 {[%emt 0:04:36]} Rh6 {[%emt 0:01:
26]} 23. h4 {[%emt 0:00:14]} g5 {[%emt 0:01:55]} 24. g4 {[%emt 0:01:11]} Qg6 {
[%emt 0:01:07]} 25. h5 {[%emt 0:02:57]} Qf6 {[%emt 0:00:54]} 26. e5 {[%emt 0:
01:16]} Qe6 {[%emt 0:01:23]} 27. Ne3 {[%emt 0:00:22]} Nxe5 {[%emt 0:04:13]} 28.
Nf5 {[%emt 0:00:11]} Nxg4 {[%emt 0:03:03]} 29. Rd8+ {[%emt 0:00:27]} Bf8 {
[%emt 0:00:02]} 30. fxg4 {[%emt 0:00:47]} Bb7+ {[%emt 0:01:31]} 31. Kh2 {
[%emt 0:00:07]} Rxh5+ {[%emt 0:02:54]} 32. gxh5 {[%emt 0:00:06]} Be4 {[%emt 0:
00:06]} 33. Re1 {[%emt 0:01:20]} 1-0

[Event "23rd ETCC Women 2021"]
[Site "Catez"]
[Date "2021.11.21"]
[Round "9.32"]
[White "Nemcova, Karin"]
[Black "Ghukasyan, Siranush"]
[Result "1-0"]
[WhiteElo "2169"]
[BlackElo "2168"]
[Annotator "NA"]
[PlyCount "81"]
[EventDate "2021.11.08"]
[EventType "team-tourn"]
[EventCountry "SLO"]
[SourceTitle "playchess.com"]
[Source "ChessBase"]
[SourceQuality "1"]
[WhiteTeam "Czech Republic"]
[BlackTeam "Armenia"]
[WhiteTeamCountry "CZE"]
[BlackTeamCountry "ARM"]
[TimeControl "40/5400+30:1800+30"]

1. e4 {[%emt 0:00:02]} e5 {[%emt 0:00:05]} 2. Nf3 {[%emt 0:00:07]} Nc6 {
[%emt 0:00:07]} 3. Bc4 {[%emt 0:00:05]} Bc5 {[%emt 0:00:04]} 4. c3 {[%emt 0:00:
07]} Nf6 {[%emt 0:00:03]} 5. d3 {[%emt 0:00:06]} d6 {[%emt 0:00:05]} 6. Bg5 {
[%emt 0:00:07]} h6 {[%emt 0:00:46]} 7. Bh4 {[%emt 0:00:05]} g5 {[%emt 0:03:17]}
8. Bg3 {[%emt 0:00:07]} a6 {[%emt 0:05:33]} 9. Nbd2 {[%emt 0:01:05]} Ba7 {
[%emt 0:00:12]} 10. a4 {[%emt 0:00:23]} O-O {[%emt 0:01:39]} 11. O-O {[%emt 0:
00:39]} Re8 {[%emt 0:01:42]} 12. Re1 {[%emt 0:03:16]} Qe7 {[%emt 0:05:46]} 13.
b4 {[%emt 0:02:16]} Qf8 {[%emt 0:14:40]} 14. b5 {[%emt 0:04:20]} Ne7 {[%emt 0:
00:05]} 15. Nf1 {[%emt 0:21:08]} Ng6 {[%emt 0:00:56]} 16. Ne3 {[%emt 0:00:17]}
Nf4 {[%emt 0:07:11]} 17. Bxf4 {[%emt 0:10:43]} gxf4 {[%emt 0:03:09]} 18. Nd5 {
[%emt 0:01:45]} Nxd5 {[%emt 0:01:48]} 19. Bxd5 {[%emt 0:00:09]} Rb8 {[%emt 0:
01:31]} 20. Nh4 {[%emt 0:04:00]} Be6 {[%emt 0:03:13]} 21. c4 {[%emt 0:04:27]}
Bd7 {[%emt 0:03:19]} 22. Qh5 {[%emt 0:05:04]} Qg7 {[%emt 0:00:21]} 23. Nf5 {
[%emt 0:00:50]} Bxf5 {[%emt 0:00:05]} 24. exf5 {[%emt 0:00:15]} Rf8 {[%emt 0:
01:15]} 25. Ra2 {[%emt 0:05:01]} Kh8 {[%emt 0:01:16]} 26. h4 {[%emt 0:08:07]}
Bd4 {[%emt 0:08:10]} 27. Kh1 {[%emt 0:01:28]} c6 {[%emt 0:03:18]} 28. bxc6 {
[%emt 0:01:11]} bxc6 {[%emt 0:00:02]} 29. Bxc6 {[%emt 0:00:09]} Rb3 {[%emt 0:
00:04]} 30. Be4 {[%emt 0:04:33]} Rg8 {[%emt 0:01:41]} 31. g4 {[%emt 0:01:12]}
fxg3 {[%emt 0:09:52]} 32. fxg3 {[%emt 0:00:26]} Rgb8 {[%emt 0:02:39]} 33. g4 {
[%emt 0:02:56]} Rb1 {[%emt 0:01:12]} 34. Rxb1 {[%emt 0:01:51]} Rxb1+ {[%emt 0:
00:03]} 35. Kh2 {[%emt 0:00:10]} f6 {[%emt 0:02:44]} 36. Bd5 {[%emt 0:09:20]}
e4 {[%emt 0:03:34]} 37. Qe8+ {[%emt 0:02:03]} Kh7 {[%emt 0:00:02]} 38. Qxe4 {
[%emt 0:03:24]} Be5+ {[%emt 0:00:06]} 39. Kg2 {[%emt 0:01:03]} Qa7 {[%emt 0:01:
24]} 40. d4 {[%emt 0:03:07]} Rc1 {[%emt 0:03:09]} 41. c5 {[%emt 0:31:19]} 1-0

[Event "23rd ETCC Women 2021"]
[Site "Catez"]
[Date "2021.11.21"]
[Round "9.33"]
[White "Bulmaga, Irina"]
[Black "Vega Gutierrez, Sabrina"]
[Result "1-0"]
[WhiteElo "2405"]
[BlackElo "2394"]
[Annotator "NA"]
[PlyCount "149"]
[EventDate "2021.11.08"]
[EventType "team-tourn"]
[EventCountry "SLO"]
[SourceTitle "playchess.com"]
[Source "ChessBase"]
[SourceQuality "1"]
[WhiteTeam "Romania"]
[BlackTeam "Spain"]
[WhiteTeamCountry "ROU"]
[BlackTeamCountry "ESP"]
[TimeControl "40/5400+30:1800+30"]

1. e4 {[%emt 0:00:04]} c5 {[%emt 0:00:05]} 2. Nf3 {[%emt 0:00:08]} e6 {[%emt 0:
00:08]} 3. c3 {[%emt 0:00:09]} Nf6 {[%emt 0:00:22]} 4. e5 {[%emt 0:00:10]} Nd5
{[%emt 0:00:06]} 5. d4 {[%emt 0:00:06]} cxd4 {[%emt 0:00:06]} 6. cxd4 {[%emt 0:
00:06]} d6 {[%emt 0:00:18]} 7. Bc4 {[%emt 0:00:14]} Be7 {[%emt 0:00:25]} 8. O-O
{[%emt 0:00:18]} O-O {[%emt 0:00:15]} 9. Qe2 {[%emt 0:00:18]} b6 {[%emt 0:00:
25]} 10. Rd1 {[%emt 0:00:45]} Bb7 {[%emt 0:00:34]} 11. Bxd5 {[%emt 0:00:31]}
exd5 {[%emt 0:00:30]} 12. Nc3 {[%emt 0:00:20]} Na6 {[%emt 0:00:31]} 13. Nb5 {
[%emt 0:00:37]} Nc7 {[%emt 0:03:05]} 14. Nxc7 {[%emt 0:00:50]} Qxc7 {[%emt 0:
00:07]} 15. Bg5 {[%emt 0:00:19]} f6 {[%emt 0:11:35]} 16. exf6 {[%emt 0:02:53]}
Bxf6 {[%emt 0:00:25]} 17. Qe6+ {[%emt 0:04:46]} Kh8 {[%emt 0:00:43]} 18. Rac1 {
[%emt 0:00:58]} Qd8 {[%emt 0:00:32]} 19. Bxf6 {[%emt 0:06:43]} Rxf6 {[%emt 0:
00:16]} 20. Qe3 {[%emt 0:01:44]} Bc8 {[%emt 0:14:25]} 21. Re1 {[%emt 0:02:38]}
Bg4 {[%emt 0:01:36]} 22. Nd2 {[%emt 0:04:10]} Re6 {[%emt 0:01:58]} 23. Qf4 {
[%emt 0:05:49]} Qe7 {[%emt 0:11:35]} 24. Rxe6 {[%emt 0:01:57]} Qxe6 {[%emt 0:
01:06]} 25. Nf1 {[%emt 0:00:13]} Qd7 {[%emt 0:08:21]} 26. h3 {[%emt 0:03:28]}
Be6 {[%emt 0:01:18]} 27. Rc3 {[%emt 0:01:10]} Kg8 {[%emt 0:04:29]} 28. Qc1 {
[%emt 0:03:44]} Qa4 {[%emt 0:04:21]} 29. Qe3 {[%emt 0:00:29]} Re8 {[%emt 0:03:
19]} 30. b3 {[%emt 0:01:16]} Qd7 {[%emt 0:01:04]} 31. Qc1 {[%emt 0:04:30]} Re7
{[%emt 0:00:07]} 32. Re3 {[%emt 0:00:39]} h6 {[%emt 0:13:27]} 33. Qe1 {[%emt 0:
00:25]} Re8 {[%emt 0:04:36]} 34. Ng3 {[%emt 0:01:42]} Qf7 {[%emt 0:02:27]} 35.
Nf1 {[%emt 0:05:19]} Qg6 {[%emt 0:06:47]} 36. Nd2 {[%emt 0:01:19]} Kh7 {
[%emt 0:02:11]} 37. Kh1 {[%emt 0:02:04]} Qf6 {[%emt 0:02:54]} 38. Nf3 {[%emt 0:
02:00]} Kg8 {[%emt 0:00:37]} 39. Qe2 {[%emt 0:02:28]} Re7 {[%emt 0:00:58]} 40.
Ne1 {[%emt 0:00:27]} Kh8 {[%emt 0:01:37]} 41. Nc2 {[%emt 0:33:56]} Re8 {
[%emt 0:05:39]} 42. a3 {[%emt 0:00:00]} Qg6 {[%emt 0:06:04]} 43. Nb4 {[%emt 0:
00:00]} Bf7 {[%emt 0:04:33]} 44. Rxe8+ {[%emt 0:00:00]} Bxe8 {[%emt 0:00:02]}
45. Qe7 {[%emt 0:00:00]} Qe4 {[%emt 0:16:07]} 46. Qxd6 {[%emt 0:00:00]} Qe1+ {
[%emt 0:00:42]} 47. Kh2 {[%emt 0:00:00]} Qxf2 {[%emt 0:00:14]} 48. Qb8 {
[%emt 0:00:00]} Qf7 {[%emt 0:00:27]} 49. Qe5 {[%emt 0:00:00]} a5 {[%emt 0:00:
55]} 50. Nxd5 {[%emt 0:00:00]} b5 {[%emt 0:00:34]} 51. Nc7 {[%emt 0:00:00]} Bd7
{[%emt 0:00:15]} 52. d5 {[%emt 0:00:00]} Qf2 {[%emt 0:00:35]} 53. Ne6 {[%emt 0:
00:00]} Qf7 {[%emt 0:00:09]} 54. Nc5 {[%emt 0:00:00]} Be8 {[%emt 0:00:40]} 55.
b4 {[%emt 0:00:00]} axb4 {[%emt 0:00:32]} 56. axb4 {[%emt 0:00:00]} Qg6 {
[%emt 0:00:39]} 57. Ne6 {[%emt 0:00:00]} Bd7 {[%emt 0:00:40]} 58. Qb8+ {
[%emt 0:06:19]} Be8 {[%emt 0:00:02]} 59. Nc7 {[%emt 0:03:36]} Qd6+ {[%emt 0:00:
03]} 60. Kg1 {[%emt 0:02:23]} Kh7 {[%emt 0:00:05]} 61. Qxe8 {[%emt 0:00:18]}
Qxc7 {[%emt 0:00:07]} 62. Qxb5 {[%emt 0:00:46]} Qc3 {[%emt 0:00:25]} 63. Kf2 {
[%emt 0:03:22]} Qd4+ {[%emt 0:01:49]} 64. Kf3 {[%emt 0:00:16]} Qf6+ {[%emt 0:
00:41]} 65. Ke3 {[%emt 0:02:51]} Qe5+ {[%emt 0:00:42]} 66. Kd3 {[%emt 0:00:21]}
Qg3+ {[%emt 0:00:36]} 67. Kc4 {[%emt 0:01:00]} Qxg2 {[%emt 0:00:16]} 68. Qd7 {
[%emt 0:03:22]} Qc2+ {[%emt 0:00:10]} 69. Kb5 {[%emt 0:00:32]} Qd3+ {[%emt 0:
00:12]} 70. Kb6 {[%emt 0:00:37]} Qd4+ {[%emt 0:00:17]} 71. Ka5 {[%emt 0:00:02]}
Qa1+ {[%emt 0:00:37]} 72. Kb5 {[%emt 0:00:14]} Qf1+ {[%emt 0:01:08]} 73. Kb6 {
[%emt 0:00:06]} Qf2+ {[%emt 0:00:49]} 74. Kb7 {[%emt 0:00:09]} Qd4 {[%emt 0:00:
31]} 75. b5 {[%emt 0:00:09]} 1-0

[Event "23rd ETCC Women 2021"]
[Site "Catez"]
[Date "2021.11.21"]
[Round "9.34"]
[White "Garcia Martin, Marta"]
[Black "Peptan, Corina-Isabela"]
[Result "1/2-1/2"]
[WhiteElo "2324"]
[BlackElo "2385"]
[Annotator "NA"]
[PlyCount "114"]
[EventDate "2021.11.08"]
[EventType "team-tourn"]
[EventCountry "SLO"]
[SourceTitle "playchess.com"]
[Source "ChessBase"]
[SourceQuality "1"]
[WhiteTeam "Spain"]
[BlackTeam "Romania"]
[WhiteTeamCountry "ESP"]
[BlackTeamCountry "ROU"]
[TimeControl "40/5400+30:1800+30"]

1. e4 {[%emt 0:00:04]} c6 {[%emt 0:00:18]} 2. d4 {[%emt 0:00:27]} d5 {[%emt 0:
00:13]} 3. exd5 {[%emt 0:00:39]} cxd5 {[%emt 0:00:02]} 4. Nf3 {[%emt 0:00:10]}
Nc6 {[%emt 0:00:15]} 5. Bb5 {[%emt 0:00:31]} e6 {[%emt 0:01:05]} 6. Ne5 {
[%emt 0:01:16]} Bd7 {[%emt 0:00:11]} 7. Nxd7 {[%emt 0:00:07]} Qxd7 {[%emt 0:00:
04]} 8. c3 {[%emt 0:02:47]} Nf6 {[%emt 0:00:13]} 9. O-O {[%emt 0:00:14]} Bd6 {
[%emt 0:00:21]} 10. Nd2 {[%emt 0:00:25]} O-O {[%emt 0:00:51]} 11. Re1 {[%emt 0:
00:59]} Qc7 {[%emt 0:00:42]} 12. g3 h6 {[%emt 0:10:48]} 13. Bd3 {[%emt 0:13:55]
} e5 {[%emt 0:06:41]} 14. dxe5 {[%emt 0:00:05]} Nxe5 {[%emt 0:00:07]} 15. Nf3 {
[%emt 0:00:09]} Nxd3 {[%emt 0:00:53]} 16. Qxd3 {[%emt 0:00:06]} Rfe8 {[%emt 0:
02:39]} 17. Be3 {[%emt 0:02:46]} a6 {[%emt 0:03:22]} 18. Qf5 {[%emt 0:24:38]}
Qc8 {[%emt 0:04:44]} 19. Nd4 {[%emt 0:06:10]} Re5 {[%emt 0:04:18]} 20. Qxc8+ {
[%emt 0:00:36]} Rxc8 {[%emt 0:00:03]} 21. Red1 {[%emt 0:08:45]} Bc5 {[%emt 0:
12:23]} 22. Nc2 {[%emt 0:02:22]} Bxe3 {[%emt 0:22:12]} 23. Nxe3 {[%emt 0:00:06]
} Rc5 {[%emt 0:00:04]} 24. Rd3 {[%emt 0:03:37]} Rb5 {[%emt 0:03:33]} 25. b4 {
[%emt 0:03:14]} Rb6 {[%emt 0:08:26]} 26. a4 {[%emt 0:11:24]} Rc6 {[%emt 0:00:
39]} 27. f3 {[%emt 0:05:40]} Re7 {[%emt 0:02:33]} 28. Kf2 {[%emt 0:01:05]} Rec7
{[%emt 0:00:10]} 29. Ra3 {[%emt 0:00:25]} Rd7 {[%emt 0:05:06]} 30. a5 {[%emt 0:
06:37]} g6 {[%emt 0:00:47]} 31. g4 {[%emt 0:00:25]} Kf8 {[%emt 0:09:57]} 32. h4
{[%emt 0:00:38]} Rcd6 {[%emt 0:00:01]} 33. Rd4 {[%emt 0:01:19]} h5 {[%emt 0:02:
07]} 34. g5 {[%emt 0:00:39]} Ne8 {[%emt 0:00:01]} 35. Ra1 {[%emt 0:00:31]} Nc7
{[%emt 0:00:02]} 36. Rad1 {[%emt 0:00:07]} Ke7 {[%emt 0:00:09]} 37. f4 {
[%emt 0:01:13]} Nb5 {[%emt 0:01:26]} 38. Rxd5 {[%emt 0:04:37]} Nxc3 {[%emt 0:
00:15]} 39. Re5+ {[%emt 0:00:37]} Re6 {[%emt 0:01:16]} 40. Rxe6+ {[%emt 0:00:
26]} Kxe6 {[%emt 0:00:03]} 41. Re1 {[%emt 0:10:33]} Rd2+ {[%emt 0:30:30]} 42.
Kf3 {[%emt 0:00:30]} Rd3 {[%emt 0:00:30]} 43. Kg2 {[%emt 0:11:31]} Ne4 {
[%emt 0:00:00]} 44. Kf3 {[%emt 0:02:39]} f5 {[%emt 0:00:00]} 45. gxf6 {[%emt 0:
01:08]} Nxf6 {[%emt 0:00:00]} 46. Kg2 {[%emt 0:03:34]} Ne4 {[%emt 0:00:00]} 47.
Kf3 {[%emt 0:00:45]} Nc3 {[%emt 0:00:00]} 48. Kf2 {[%emt 0:03:19]} Kf6 {
[%emt 0:00:00]} 49. Rc1 {[%emt 0:00:31]} Ne4+ {[%emt 0:00:00]} 50. Kf3 {
[%emt 0:00:36]} Nd6 {[%emt 0:00:00]} 51. Ke2 {[%emt 0:00:04]} Rd4 {[%emt 0:00:
00]} 52. Rc5 {[%emt 0:00:04]} Ke6 {[%emt 0:05:02]} 53. Rg5 {[%emt 0:01:13]}
Rxf4 {[%emt 0:00:19]} 54. Rxg6+ {[%emt 0:00:04]} Kd7 {[%emt 0:00:24]} 55. Rg7+
{[%emt 0:01:03]} Kc6 {[%emt 0:00:20]} 56. Rg6 {[%emt 0:00:04]} Kd7 {[%emt 0:01:
16]} 57. Rg7+ {[%emt 0:00:02]} Kc6 {[%emt 0:00:23]} 1/2-1/2